• 首页
  • 本馆介绍
  • 公告通知
  • 最新文献
  • 馆藏检索
  • 电子资源
  • 读者导购
  • 参考咨询
  • 我的图书馆
  • 登录
  • 详细信息显示
  • 放入我的书架
  • 预约/预借图书
  • 作者相关作品
  • 分类相关作品
  • 丛书相关作品
  • 出版社相关作品

书目信息

  • 表格格式
  • 工作单格式
  • 卡片格式
题名:
俄罗斯苏联文学名著选读
    
 
作者: 余绍裔 编
分册: 上册  
出版信息: 北京   商务印书馆  1984
页数: 641页
开本: 21cm
丛书名:
单 册:
中图分类: H359.4:I , H359.4
科图分类:
主题词: 俄语--课外读物
电子资源:
ISBN:
000 00716nam0 2200253 45
001 0184002825
005 20040508173515.6
010    @dCNY2.50
091    @a9017.1314
100    @a19950531d1984 em y0chiy0121 ea
101 0  @achi@arus
102    @aCN@b110000
105    @ay z 000yy
106    @ar
200 10 @a俄罗斯苏联文学名著选读@h上册@h俄罗斯部分@Ae luo si su lian wen xue ming zhu xuan du@f余绍裔编
210    @a北京@c商务印书馆@d1984
215    @a641页@d21cm
606    @a俄语@x课外读物
690    @aH359.4:I@v3
690    @aH359.4@v3
701  0 @a余绍裔@Ayu shao yi@4编
801  0 @aCN@b上海图书馆@c20040506
801  2 @aCN@bNLC@c20040506
905    @f5@b206626-630@f2@b144578-579@dH359.4@e69:1
    
    俄罗斯苏联文学名著选读.上册.俄罗斯部分/余绍裔编.-北京:商务印书馆,1984
    641页;21cm
    
    
    ISBN :CNY2.50
    
●
相关链接 在E读中查询图书 在五车中查询图书 在当当中查询图书 在豆瓣中查询图书


正题名:俄罗斯苏联文学名著选读     索取号:H359.4/69:1         预约/预借

序号 登录号 条形码 馆藏地/架位号 状态 备注
1 0144578   001139743   密集书库/ [索取号:H359.4/69:1] 在馆    
2 0144579   001139734   密集书库/ [索取号:H359.4/69:1] 在馆    
3 0144580   001139805   第二样本阅览室/ [索取号:H359.4/69:1] 在馆    
4 0206626   001139752   密集书库/ [索取号:H359.4/69:1] 在馆    
5 0206627   001139789   第四借阅区/ [索取号:H359.4/69:1] 在馆    
6 0206628   001139798   密集书库/ [索取号:H359.4/69:1] 在馆    
7 0206629   001139770   密集书库/ [索取号:H359.4/69:1] 在馆    
8 0206630   001139841   密集书库/ [索取号:H359.4/69:1] 在馆    
唐山师范学院图书馆 欢迎您!
大连网信软件有限公司© 版权所有